CAD/CAM : Theory and Practice/ (Record no. 1634)

MARC details
000 -LEADER
Fixed length control field 00509nam a2200169 4500
003 - CONTROL NUMBER IDENTIFIER
Control field SEACOMEC
005 - DATE AND TIME OF LATEST TRANSACTION
Control field 20250502141849.0
008 - FIXED-LENGTH DATA ELEMENTS--GENERAL INFORMATION
Fixed length control field 240824b |||||||| |||| 00| 0 eng d
020 ## - INTERNATIONAL STANDARD BOOK NUMBER / ISBN
International Standard Book Number 9780070728578
Price 375.00
040 ## - CATALOGING SOURCE
Original cataloging agency SEACOMEC
082 ## - DEWEY DECIMAL CLASSIFICATION NUMBER
Classification number 670.285
Book Number Z85
100 ## - MAIN ENTRY--PERSONAL NAME
Personal name Zeid, Ibrahim
245 ## - TITLE STATEMENT
Title CAD/CAM : Theory and Practice/
Statement of responsibility Ibrahim Zeid and R Sivasubramanian
250 ## - EDITION STATEMENT
Edition statement rev. 1st ed
260 ## - IMPRINT
Place of publication New Delhi
Name of publisher McGraw Hill Education
Date of publication 2007
942 ## - ADDED ENTRY ELEMENTS (KOHA)
Koha item type Books
Holdings
Withdrawn status Lost status Source of classification Damaged status Not for loan Home library Current library Date acquired Total Checkouts Call number Accession number Date last seen Price effective from Koha item type Copy number
    Dewey Decimal Classification     SEACOM ENGINEERING COLLEGE SEACOM ENGINEERING COLLEGE 24/08/2024   670.285 Z85 8173 24/08/2024 24/08/2024 Books  
    Dewey Decimal Classification     SEACOM ENGINEERING COLLEGE SEACOM ENGINEERING COLLEGE 24/08/2024   670.285 Z85 8174 24/08/2024 24/08/2024 Books 1
    Dewey Decimal Classification     SEACOM ENGINEERING COLLEGE SEACOM ENGINEERING COLLEGE 24/08/2024   670.285 Z85 8175 24/08/2024 24/08/2024 Books 2
    Dewey Decimal Classification     SEACOM ENGINEERING COLLEGE SEACOM ENGINEERING COLLEGE 24/08/2024   670.285 Z85 8176 24/08/2024 24/08/2024 Books 3
    Dewey Decimal Classification     SEACOM ENGINEERING COLLEGE SEACOM ENGINEERING COLLEGE 24/08/2024   670.285 Z85 8177 24/08/2024 24/08/2024 Books 4
    Dewey Decimal Classification     SEACOM ENGINEERING COLLEGE SEACOM ENGINEERING COLLEGE 24/08/2024   670.285 Z85 8178 24/08/2024 24/08/2024 Books 5
    Dewey Decimal Classification     SEACOM ENGINEERING COLLEGE SEACOM ENGINEERING COLLEGE 24/08/2024   670.285 Z85 8179 24/08/2024 24/08/2024 Books 6
    Dewey Decimal Classification     SEACOM ENGINEERING COLLEGE SEACOM ENGINEERING COLLEGE 24/08/2024   670.285 Z85 8180 24/08/2024 24/08/2024 Books 7
    Dewey Decimal Classification     SEACOM ENGINEERING COLLEGE SEACOM ENGINEERING COLLEGE 24/08/2024   670.285 Z85 8181 24/08/2024 24/08/2024 Books 8
    Dewey Decimal Classification     SEACOM ENGINEERING COLLEGE SEACOM ENGINEERING COLLEGE 24/08/2024   670.285 Z85 8182 24/08/2024 24/08/2024 Books 9
© Seacom Engineering College, All rights reserved.      Powered by Koha